Statistics for ロシア連邦の地方行政区画

Click here to take the quiz!

General Stats

  • This quiz has been taken 35 times
  • The average score is 33 of 83

Answer Stats

答え% Correct
モスクワ市
92%
モスクワ州
92%
サンクト・ペテルブルク市
83%
ユダヤ自治州
83%
サハ共和国
83%
チェチェン共和国
75%
サハリン州
71%
沿海地方
71%
アルタイ共和国
63%
ハバロフスク地方
63%
カムチャツカ地方
63%
アルタイ地方
63%
タタールスタン共和国
63%
トゥヴァ共和国
58%
北オセチア共和国
58%
ネネツ自治管区
54%
イルクーツク州
54%
レニングラード州
50%
ヤマロ・ネネツ自治管区
50%
オムスク州
50%
ムルマンスク州
50%
クラスノヤルスク地方
50%
カレリア共和国
50%
ブリヤート共和国
50%
チュクチ自治管区
50%
アルハンゲリスク州
46%
ロストフ州
46%
ニジニ・ノヴゴロド州
46%
マガダン州
46%
カリーニングラード州
46%
ヴォルゴグラード州
46%
チェリャビンスク州
46%
アムール州
46%
コミ共和国
42%
ノヴゴロド州
42%
ダゲスタン共和国
42%
イングーシ共和国
42%
アストラハン州
42%
ペルミ地方
38%
カラチャイ・チェルケス共和国
38%
オレンブルク州
38%
モルドヴィア共和国
38%
カルムイク共和国
38%
トムスク州
38%
サマラ州
38%
キーロフ州
33%
クルスク州
33%
ハカス共和国
33%
ベルゴロド州
33%
バシコルトスタン共和国
33%
ヤロスラヴリ州
33%
ヴォロネジ州
33%
クラスノダール地方
29%
カバルダ・バルカル共和国
29%
マリ・エル共和国
29%
スモレンスク州
29%
オリョール州
25%
サラトフ州
25%
ブリャンスク州
25%
チュメニ州
25%
ノヴォシビルスク州
25%
クルガン州
25%
ヴォログダ州
21%
スヴェルドロフスク州
21%
トヴェリ州
21%
ウラジーミル州
21%
アディゲ共和国
21%
ペンザ州
21%
コストロマ州
21%
リャザン州
17%
プスコフ州
17%
トゥーラ州
17%
ケメロヴォ州
17%
カルーガ州
17%
スタヴロポリ地方
17%
ハンティ・マンシ自治管区・ユグラ
17%
リペツク州
13%
ウリヤノフスク州
13%
ザバイカリエ地方
13%
チュヴァシ共和国
13%
ウドムルト共和国
13%
タンボフ州
8%
イヴァノヴォ州
8%

Score Distribution

Percentile by Number Answered

Percent of People with Each Score

Your Score History

You have not taken this quiz